IFM Opac

Accounting and Economics (Record no. 11951)

MARC details
000 -LEADER
fixed length control field 00550nam a2200217Ia 4500
003 - CONTROL NUMBER IDENTIFIER
control field OSt
005 - DATE AND TIME OF LATEST TRANSACTION
control field 20220815084907.0
008 - FIXED-LENGTH DATA ELEMENTS--GENERAL INFORMATION
fixed length control field 220815b |||||||| |||| 00| 0 eng d
020 ## - INTERNATIONAL STANDARD BOOK NUMBER
International Standard Book Number 9788122431605
040 ## - CATALOGING SOURCE
Transcribing agency IFM Library
082 ## - DEWEY DECIMAL CLASSIFICATION NUMBER
Classification number 657
100 ## - MAIN ENTRY--PERSONAL NAME
Personal name Mazumdar, Debashis
9 (RLIN) 7168
245 ## - TITLE STATEMENT
Title Accounting and Economics
260 ## - PUBLICATION, DISTRIBUTION, ETC.
Place of publication, distribution, etc. Delhi:
Date of publication, distribution, etc. 2011
260 ## - PUBLICATION, DISTRIBUTION, ETC.
Name of publisher, distributor, etc. New Age International Ltd,
260 ## - PUBLICATION, DISTRIBUTION, ETC.
Date of publication, distribution, etc. 2011
300 ## - PHYSICAL DESCRIPTION
Extent xxiii ,708p.
Other physical details ill. ; 23cm
650 ## - SUBJECT ADDED ENTRY--TOPICAL TERM
Topical term or geographic name entry element AccountsEconomics
9 (RLIN) 7169
700 ## - ADDED ENTRY--PERSONAL NAME
Personal name Mitra J. K.
9 (RLIN) 7170
942 ## - ADDED ENTRY ELEMENTS (KOHA)
Koha item type Books
Source of classification or shelving scheme Dewey Decimal Classification
Suppress in OPAC No
Holdings
Withdrawn status Lost status Damaged status Not for loan Collection code Home library Current library Shelving location Date acquired Source of acquisition Total Checkouts Total Renewals Barcode Date last seen Date last checked out Price effective from Koha item type Source of classification or shelving scheme
        Non-fiction IFM Main Campus Library IFM Main Campus Library General Collection 09/23/2021 Purchases 9 2 0000028533 07/02/2018 06/19/2018 02/19/2022 Books  
        Non-fiction IFM Main Campus Library IFM Main Campus Library General Collection 08/15/2022 Purchases 4   0000028534 06/26/2018 06/19/2018 02/19/2022 Books Dewey Decimal Classification